| 000 | 01086nam a2200241Ia 4500 | ||
|---|---|---|---|
| 999 |
_c36541 _d36541 |
||
| 001 | 2460 | ||
| 003 | GE_BSU | ||
| 005 | 20241004161455.0 | ||
| 008 | 181216s1999||||ge |||||||||||||| ||geo|| | ||
| 040 | _cGE_BSU | ||
| 041 | _ageo | ||
| 080 | _a574(075.8) ქ–34 | ||
| 100 |
_aქაჯაია, გია _92561 |
||
| 245 |
_aეკოლოგია (გამოყენებითი ეკოლოგიის საკითხები) : _b[სახელმძღვ. უმაღლ. სასწ. სტუდ. / _cგია ქაჯაია; რედ.: ირ. ელიავა, ირ. ქორქია]. |
||
| 264 |
_aთბილისი, _c1999. |
||
| 300 |
_a223 გვ.; _b20სმ. |
||
| 653 | _aეკოლოგია | ||
| 653 | _aგამოყენებითი ეკოლოგია. | ||
| 653 | _a ადამიანი და ბიოსფერო. | ||
| 700 |
_aელიავა, ირ. _eრედაქტორი. _92593 |
||
| 700 |
_aქორქია, ირ. _eრედაქტორი _923319 |
||
| 942 |
_cBK _2udc |
||